Sports Quiz

Random Sports Quiz

Missing Men - Norwich 2-5 Liverpool - September 2012 Quiz Stats

 Plays Quiz not verified by Sporcle

Score 0/11 Timer 01:00
0 Plays Today
POSITION PLAYER % Correct
GKPepe Reina
81%
DEFDaniel Agger
75%
DEFGlen Johnson
69.9%
DEFMartin Skrtel
67%
MIDSteven Gerrard
67%
FORLuis Suarez
65%
FORRaheem Sterling
56.4%
MIDJoe Allen
31.4%
MIDNuri Sahin
20.6%
FORSuso
15.9%
DEFAndre Wisdom
14.6%

You're not logged in!

Compare scores with friends on all Sporcle quizzes.
OR
Log In

You Might Also Like...

Show Comments

Extras

Top Quizzes Today


Score Distribution

Your Account Isn't Verified!

In order to create a playlist on Sporcle, you need to verify the email address you used during registration. Go to your Sporcle Settings to finish the process.

Report this User

Report this user for behavior that violates our Community Guidelines.

Details: